Statistics for Anatomy of the Human Ear Quiz

Click here to take the quiz!

General Stats

  • This quiz has been taken 152 times
  • The average score is 4 of 9

Answers on the Map

Answers color-coded by a green-red scale on the quiz's map according to % correct below.
 

Answer Stats

Answer% Correct
Cochlea
85%
Stapes
77%
Incus
74%
Malleus
73%
Cochlear Nerve
26%
Round Window
25%
Tympanic Cavity
17%
Tympanic Memberane
6%
External Audiotory Canal
3%

Score Distribution

Percentile by Number Answered

Percent of People with Each Score

Your Score History

You have not taken this quiz